Alle Gewinner von "The Voice of Germany" - Statistiken

Allgemein
  • Dieses Quiz wurde 12 mal gespielt
  • Das Durchschnittsergebnis liegt bei 3 aus 13
Antwortstatistiken
Jahr 🚩 Gewinner/-in % Korrekt
2012 🇩🇪 Ivy Quainoo
71%
2014 🇩🇪 Charley Ann Schmutzler
57%
2015 🇩🇪 Jamie - Lee Kriewitz
43%
2013 🇩🇪 Andreas Kümmert
29%
2019 🇮🇩 Claudia Emmanuela Santoso
29%
2023 🇩🇪 Malou Lovis Kreyelkamp
14%
2017 🇬🇪 Natia Todua
14%
2012 🇬🇧 Nick Howard
14%
2021 🇩🇪 Sebastian Krenz
14%
2022 🇩🇪 Anny Ogrezeanu
0%
2020 🇨🇭 Paula Dalla Corte
0%
2018 🇩🇪 Samuel Rösch
0%
2016 🇩🇪 Tay Schmedtmann
0%
Keine übereinstimmenden Quizze gefunden
Verteilung der Resultate
Anzahl Personen mit jedem Resultat
Perzentil nach korrekt beantworteten Fragen
Ihre Resultats-Entwicklung
Sie haben dieses Quiz noch nicht gespielt